000 00714na a2200229 4500
001 21772
003 MIRAKIL
005 20181213155229.0
008 170207b tu 000 0
040 _aMilas
_btur
_cTR-AnCHP
041 _atur
082 _a956.677
_bD85t 1972
090 _a956.677 D85t 1972
100 _aDolapönü, Metropolit Hanna
_d1885-
245 _aTarihte Mardin
_bItr el Nardin fi tarih Merdin
_cMetropolit Hanna Dolapönü: türkçeye uyarlayan P. Cebrail Aydın
260 _aİstanbul
_b[yayl. y.]
_c1972
_fHilal Matbaacılık
300 _a203 s.
_bfotg. ; hrt.
_c23 sm.
651 _aMardin
_xTarih
651 _aTürkiye
_xTarih
700 _aAydın, P. Cebrail
942 _2ddc
_cBKS
999 _c8961
_d8961